[Event "World Amateur-ch U1700"]
[Site "Cagliari"]
[Date "2018.04.29"]
[Round "9"]
[White "Carta, Francesco"]
[Black "Cosmin Preda, Iulian"]
[Result "1/2-1/2"]
[WhiteElo "1508"]
[BlackElo "1577"]
[PlyCount "114"]
[EventDate "2018.04.22"]
[EventType "swiss"]
[EventRounds "9"]
[EventCountry "ITA"]
[SourceTitle "CBM 184 Extra"]
[Source "ChessBase"]
[SourceDate "2018.06.28"]
[SourceVersion "1"]
[SourceVersionDate "2018.06.28"]
[SourceQuality "1"]

1. e4 c5 2. Nf3 Nc6 3. d4 cxd4 4. Nxd4 d6 5. Bb5 Bd7 6. 0-0 a6 7. Nxc6 Bxc6 8. Bxc6+ bxc6 9. Nc3 Nf6 10. Re1 e5 11. Be3 Be7 12. h3 0-0 13. Rb1 Qc7 14. b4 Rfd8 15. a3 d5 16. exd5 Nxd5 17. Nxd5 cxd5 18. Qe2 d4 19. Bc1 f6 20. Bb2 Rd6 21. Rbd1 Rc8 22. Rd2 Kf8 23. Qd3 h6 24. Re4 Qd7 25. Rde2 Re6 26. Bxd4 Rd6 27. c3 Re8 28. Rg4 f5 29. Rxg7 Kxg7 30. Bxe5+ Kf7 31. Bxd6 Qxd6 32. Qxd6 Bxd6 33. Rxe8 Kxe8 34. g4 f4 35. f3 Kd7 36. Kf2 Kc6 37. c4 Be7 38. Ke2 a5 39. bxa5 Bxa3 40. Kd3 Bd6 41. Ke4 Kb7 42. c5 Bc7 43. Kf5 Bxa5 44. Kxf4 Bd2+ 45. Kf5 Kc6 46. f4 Kxc5 47. g5 Kd6 48. gxh6 Ke7 49. h7 Bc3 50. Kg6 Bh8 51. h4 Ke6 52. h5 Ke7 53. f5 Ke8 54. f6 Kf8 55. h6 Ke8 56. Kg5 Kf7 57. Kf5 Bxf6 1/2-1/2

[Event "Perla del Sarcidano op 2nd"]
[Site "Laconi"]
[Date "2006.08.10"]
[Round "9"]
[White "Carta, Francesco"]
[Black "Caredda, Giuseppe"]
[Result "1-0"]
[WhiteElo "1637"]
[BlackElo "1406"]
[PlyCount "83"]
[EventDate "2006.08.05"]
[EventType "swiss"]
[EventRounds "4"]
[EventCountry "ITA"]
[SourceTitle "EXT 2024"]
[Source "ChessBase"]
[SourceDate "2023.10.10"]
[SourceVersion "1"]
[SourceVersionDate "2023.10.10"]
[SourceQuality "1"]

1. e4 c5 2. Nf3 d6 3. Bb5+ Bd7 4. Bxd7+ Nxd7 5. c3 Ngf6 6. d3 e5 7. 0-0 Be7 8. Re1 0-0 9. Bg5 Re8 10. Nh4 Nf8 11. Nf5 Ng6 12. Nd2 h6 13. Bxf6 Bxf6 14. Nc4 Re6 15. Nce3 Nh4 16. Qg4 Nxf5 17. Nxf5 Kf8 18. h4 d5 19. Re3 g6 20. Nxh6 Bxh4 21. Rh3 Bg5 22. Nf5 Bf6 23. Ne3 d4 24. Nd5 Bg7 25. g3 g5 26. Kg2 Rh6 27. Rxh6 Bxh6 28. Qf5 Bg7 29. Rh1 f6 30. Rh5 Kg8 31. Rh7 Qf8 32. Nc7 Rb8 33. Ne6 Kf7 34. Rxg7+ Qxg7 35. Nxg7 Kxg7 36. Qd7+ Kg6 37. c4 a6 38. Qc7 Rf8 39. Qxb7 a5 40. Qb6 Rc8 41. Qxa5 f5 42. Qa6+ 1-0